[Event "4NCL Online Division 3"]
[Site "online"]
[Date "2022.01.25"]
[EventDate "2022.01.25"]
[Round "1.163"]
[White "Poghosyan, Jake"]
[WhiteElo "1513"]
[WhiteTeam "KCS U13"]
[Black "Pyun, Lindsay"]
[BlackElo "1753"]
[BlackTeam "Braunstone"]
[Result "0-1"]
[PlyCount "44"]

1. c4 e5 2. Nc3 Nc6 3. g3 Bc5 4. Bg2 Nf6 5. e3 d6 6. Nge2 Bb6 7. O-O O-O 8. d4 exd4 9. exd4 Bf5 10. d5 Ne5 11. b3 Re8 12. a4 a5 13. Nd4 Bg6 14. Kh1 Nd3 15. Be3 Qd7 16. Bf3 Ne5 17. Bg5 Bxd4 18. Bxf6 Bxc3 19. Rc1 Bb2 20. Bg5 Bxc1 21. Bxc1 Nxf3 22. Qxf3 Be4 0-1

[Event "4NCL Online Division 3"]
[Site "online"]
[Date "2022.01.25"]
[EventDate "2022.01.25"]
[Round "1.164"]
[White "Mehta, Sophie"]
[WhiteElo "1402"]
[WhiteTeam "Braunstone"]
[Black "Luthia, Indra Jatin"]
[BlackElo "1376"]
[BlackTeam "KCS U13"]
[Result "1/2-1/2"]
[PlyCount "69"]

1. d4 Nf6 2. Bf4 g6 3. e3 Bg7 4. Nf3 d6 5. Nbd2 Nbd7 6. Be2 O-O 7. c3 Re8 8. O-O b6 9. Rc1 Bb7 10. h3 Rc8 11. Bc4 e6 12. Re1 Ne4 13. Nxe4 Bxe4 14. d5 exd5 15. Bxd5 Nf6 16. Bb3 Qd7 17. Ba4 Bc6 18. Bxc6 Qxc6 19. Nd4 Qd7 20. Nb3 Nh5 21. Bh2 Be5 22. Qg4 Qxg4 23. hxg4 Bxh2+ 24. Kxh2 Nf6 25. f3 Nd5 26. e4 Nf4 27. Rc2 Ne6 28. Kg3 Kg7 29. Nd4 a5 30. b3 Ng5 31. Kh4 h6 32. c4 Ne6 33. Rd2 Ra8 34. Nxe6+ Rxe6 35. a4 1/2-1/2

[Event "4NCL Online Division 3"]
[Site "online"]
[Date "2022.02.08"]
[EventDate "2022.02.08"]
[Round "2.11"]
[White "Smith, Mark"]
[WhiteElo "1729"]
[WhiteTeam "Shropshire and Friends 4"]
[Black "Robinson, Brian"]
[BlackElo "1640"]
[BlackTeam "Bishop Trojans"]
[Result "1-0"]

1. e4 c5 2. Nc3 d6 3. d4 cxd4 4. Qxd4 Nc6 5. Qd2 g6 6. b3 Bg7 7. Bb2 Nf6 8. O-O-O O-O 9. Kb1 Be6 10. Nge2 Ng4 11. Nf4 Qb6 12. f3 Nge5 13. Nxe6 fxe6 14. h4 Nf7 15. Bc4 Bh6 16. f4 Nfd8 17. g3 Na5 18. Bf1 Rc8 19. Na4 Qc7 20. c4 e5 21. Qc3 Nf7 22. f5 Nc6 23. g4 Bf4 24. Bc1 Bxc1 25. Qxc1 Nd4 26. h5 g5 27. Nc3 h6 28. Nd5 Qd7 29. Qe3 Nd8 30. Rxd4 exd4 31. Qxd4 Nc6 32. Qc3 Ne5 33. Be2 b5 34. Qd4 bxc4 35. Bxc4 Kh7 36. Ne3 Rc7 37. Rc1 Qc8 38. Nd5 Nc6 39. Qe3 Rb7 40. Ba6 Qd7 41. Bxb7 Qxb7 42. Qd2 Rc8 43. Qf2 Ne5 44. Rxc8 Qxc8 45. Nxe7 Qb7 46. Nd5 Qb5 47. f6 Qd3+ 48. Qc2 Qf1+ 49. Kb2 Nd3+ 50. Ka3 Ne5 51. Qc7+ Kh8 52. Qg7# 1-0

[Event "4NCL Online Division 3"]
[Site "online"]
[Date "2022.02.08"]
[EventDate "2022.02.08"]
[Round "2.12"]
[White "Bainbridge, Bryan J"]
[WhiteElo "1543"]
[WhiteTeam "Bishop Trojans"]
[Black "Nield, Robert C"]
[BlackElo "1707"]
[BlackTeam "Shropshire and Friends 4"]
[Result "1/2-1/2"]

1. e4 c6 2. Nc3 d5 3. g3 d4 4. Nb1 e5 5. d3 c5 6. Bg2 Nc6 7. f4 Bd6 8. f5 Bd7 9. Nf3 h6 10. g4 Qc7 11. Nbd2 O-O-O 12. Nc4 Be7 13. h3 g6 14. Bd2 h5 15. Ng5 Bxg5 16. Bxg5 f6 17. Bd2 hxg4 18. hxg4 Rxh1+ 19. Bxh1 g5 20. Qe2 b5 21. Na3 a6 22. Kf2 Nge7 23. Bg2 Rh8 24. Rh1 Qd8 25. Rh3 Rxh3 26. Bxh3 Qh8 27. Qf3 Qg8 28. b3 Qh7 29. Qg3 Kb7 30. Bg2 Kb6 31. Bf3 a5 32. Kg2 Qh8 33. Qe1 Nb4 34. Qb1 Qa8 35. c3 Nbc6 36. c4 b4 37. Nc2 a4 38. a3 Qa5 39. axb4 Nxb4 40. Nxb4 cxb4 41. bxa4 Kc5 42. Bd1 Nc8 43. Bc2 Nb6 44. Qh1 Bxa4 45. Bxa4 Qxa4 46. Qh8 Qd1 47. Qf8+ Kc6 48. Qxf6+ Kb7 49. Qe7+ Ka6 50. Bxb4 Qxg4+ 51. Kf1 Qf3+ 52. Kg1 Qd1+ 53. Kg2 Qc2+ 54. Kh3 Qxd3+ 55. Kg4 Qxe4+ 56. Kxg5 Qf4+ 57. Kg6 Qg4+ 58. Kf6 Qh4+ 59. Ke6 Qh6+ 60. Kxe5 Qe3+ 61. Kf6 Qh6+ 62. Ke5 Qe3+ 63. Kf6 Qh6+ 1/2-1/2

[Event "4NCL Online Division 3"]
[Site "online"]
[Date "2022.02.08"]
[EventDate "2022.02.08"]
[Round "2.13"]
[White "Lockett, Daniel"]
[WhiteElo "1694"]
[WhiteTeam "Shropshire and Friends 4"]
[Black "Berry, Robert"]
[BlackElo "1499"]
[BlackTeam "Bishop Trojans"]
[Result "1-0"]

1. e4 e5 2. Nf3 Nc6 3. Bb5 Bc5 4. Bxc6 dxc6 5. O-O Bd6 6. d4 exd4 7. Qxd4 f6 8. Re1 Bg4 9. Qc3 Bxf3 10. Qxf3 Ne7 11. Nd2 b5 12. Qb3 Ng6 13. Nf3 Qd7 14. Be3 Qf7 15. Qc3 Qd7 16. Rad1 O-O 17. Bc5 a5 18. Bxd6 cxd6 19. e5 fxe5 20. Nxe5 Nxe5 21. Rxe5 b4 22. Qg3 Rae8 23. Rxa5 Qe6 24. h3 d5 25. Ra7 Qf6 26. Rd3 Qxb2 27. c3 Qc1+ 28. Kh2 Qh6 29. cxb4 Re2 30. Rf3 Rxf3 31. Qxf3 Qd6+ 32. g3 Qe7 33. Ra8+ Qe8 34. Rxe8+ Rxe8 35. Qc3 Rc8 36. b5 c5 37. b6 c4 38. a4 d4 39. b7 dxc3 40. bxc8=Q+ Kf7 41. Qxc4+ 1-0

[Event "4NCL Online Division 3"]
[Site "online"]
[Date "2022.02.08"]
[EventDate "2022.02.08"]
[Round "2.14"]
[White "Jenkins, Paul"]
[WhiteElo "1500"]
[WhiteTeam "Bishop Trojans"]
[Black "Bailey, Adrian"]
[BlackElo "1648"]
[BlackTeam "Shropshire and Friends 4"]
[Result "1-0"]

1. e4 c5 2. Nf3 d6 3. d4 cxd4 4. Nxd4 Nf6 5. Nc3 g6 6. Be3 Ng4 7. Bb5+ Nc6 8. Nxc6 bxc6 9. Bxc6+ Bd7 10. Bxa8 Nxe3 11. fxe3 Qxa8 12. Qd4 Rg8 13. Nd5 Qb7 14. O-O Bg7 15. Qc4 Qxb2 16. Rab1 1-0

[Event "4NCL Online Division 3"]
[Site "online"]
[Date "2022.02.08"]
[EventDate "2022.02.08"]
[Round "2.21"]
[White "Dwek, Ilan G"]
[WhiteElo "1651"]
[WhiteTeam "Deaf England 1"]
[Black "Li, Lucian"]
[BlackElo "1424"]
[BlackTeam "Uxbridge C"]
[Result "0-1"]

1. e4 e6 2. d4 d5 3. e5 c5 4. c3 Nc6 5. Nf3 Qb6 6. Be2 Nh6 7. Na3 cxd4 8. cxd4 Bxa3 9. Bxh6 Bxb2 10. Rb1 gxh6 11. O-O Nxd4 12. Nxd4 Qxd4 13. Qc2 Ba3 14. Bb5+ Kf8 15. Qc7 Qb6 16. Qc3 Be7 17. Kh1 Qd8 18. Qh3 Rg8 19. Qxh6+ Rg7 20. Rb3 Bg5 21. Qh5 Qa5 22. f4 Be7 23. a3 Qd2 24. Qh3 a6 25. Bd3 b5 26. Bxh7 Bb7 27. Bb1 d4 28. Rg3 Rxg3 29. hxg3 Ke8 30. g4 Kd7 31. f5 Rh8 0-1

[Event "4NCL Online Division 3"]
[Site "online"]
[Date "2022.02.08"]
[EventDate "2022.02.08"]
[Round "2.22"]
[White "Hasan, Abu"]
[WhiteElo "1413"]
[WhiteTeam "Uxbridge C"]
[Black "Freund, Michael P"]
[BlackElo "1699"]
[BlackTeam "Deaf England 1"]
[Result "0-1"]

1. e4 e6 2. d4 d5 3. Bd3 dxe4 4. Bxe4 Nf6 5. Bf3 c5 6. c3 Nc6 7. Ne2 e5 8. d5 e4 9. Nf4 exf3 10. Qxf3 Ne5 11. Qe3 Bd6 12. h3 O-O 13. O-O Re8 14. Qg3 Ng6 15. Na3 Nxd5 16. Nc4 Bxf4 17. Qd3 Bxc1 18. Raxc1 Ndf4 19. Qxd8 Rxd8 20. Kh2 Be6 21. Ne3 Rd7 22. c4 Rad8 23. g4 f6 24. h4 Nxh4 25. Rcd1 Rxd1 26. Nxd1 Bxg4 27. Ne3 Be6 28. Kg3 g5 29. Ng4 Bxg4 30. Kxg4 h5+ 31. Kg3 Rd3+ 32. f3 Rxf3+ 33. Rxf3 Nxf3 34. Kxf3 Kg7 35. a3 a5 36. Kf2 Kg6 37. Kf3 Kf5 38. b3 h4 39. b4 axb4 40. axb4 cxb4 41. c5 g4+ 42. Kf2 Ke4 43. c6 bxc6 44. Kf1 Ne6 45. Ke2 h3 46. Kf1 g3 47. Kg1 Kf3 48. Kh1 b3 49. Kg1 b2 50. Kh1 b1=Q# 0-1

[Event "4NCL Online Division 3"]
[Site "online"]
[Date "2022.02.08"]
[EventDate "2022.02.08"]
[Round "2.23"]
[White "Marchant-Winsor, Jordan"]
[WhiteElo "1613"]
[WhiteTeam "Deaf England 1"]
[Black "Aggarwal, Jai"]
[BlackElo "1405"]
[BlackTeam "Uxbridge C"]
[Result "1-0"]

1. d4 d5 2. Nf3 e6 3. c4 Nf6 4. Nc3 Bb4 5. Bg5 O-O 6. e3 c5 7. cxd5 Bxc3+ 8. bxc3 exd5 9. Be2 c4 10. O-O h5 11. a4 Bg4 12. h3 Bxf3 13. Bxf3 Nbd7 14. Bxd5 Qa5 15. Bxf6 Qxd5 16. Be7 Rfe8 17. Ba3 b6 18. Rb1 Nf6 19. Qc2 Qe4 20. Qb2 Rad8 21. Rfc1 Nd5 22. Qc2 g6 23. Qxe4 Rxe4 24. a5 Ree8 25. axb6 axb6 26. Rb5 Re6 27. h4 f5 28. g3 Kg7 29. Kf1 Kf7 30. Ke2 Nf6 31. Rcb1 Rb8 32. R1b4 Rc6 33. Bc1 Ne4 34. Bd2 Kf6 35. Be1 g5 36. f3 Nd6 37. hxg5+ Kxg5 38. d5 Nxb5 39. dxc6 Nd6 40. c7 Rb7 41. Rxc4 1-0

[Event "4NCL Online Division 3"]
[Site "online"]
[Date "2022.02.08"]
[EventDate "2022.02.08"]
[Round "2.31"]
[White "Morgan, Jamie"]
[WhiteElo "1781"]
[WhiteTeam "Kernow Knights"]
[Black "Bucher, Goetz"]
[BlackElo "1969"]
[BlackTeam "Bearsden Grizzlies"]
[Result "0-1"]

1. e4 e5 2. Bc4 Nc6 3. d3 Nf6 4. Nc3 Na5 5. Bb3 Nxb3 6. axb3 d5 7. Qe2 d4 8. Nb5 c6 9. Na3 Bd6 10. Nc4 Bf5 11. Nxd6+ Qxd6 12. Nf3 Bg4 13. h3 Bxf3 14. Qxf3 O-O 15. O-O Nd7 16. Bd2 c5 17. Ra4 Nb8 18. Rfa1 Nc6 19. Qg3 f5 20. f4 fxe4 21. fxe5 Nxe5 22. Kh1 e3 23. Bxe3 dxe3 24. Re4 Rf5 25. Qxe3 Raf8 26. Rg1 Kh8 27. Qg3 Qf6 28. Qe1 Nc6 29. c3 h6 30. Re6 Qd8 31. Qe3 Qh4 32. Re1 Qxe1+ 33. Qxe1 Rf1+ 34. Kh2 Rxe1 35. Rxe1 Rf2 36. b4 cxb4 37. d4 Rxb2 38. d5 Na5 39. cxb4 Rxb4 40. Ra1 Rb5 41. d6 Rd5 42. d7 Nc6 0-1

[Event "4NCL Online Division 3"]
[Site "online"]
[Date "2022.02.08"]
[EventDate "2022.02.08"]
[Round "2.32"]
[White "Colston, Rob"]
[WhiteElo "1872"]
[WhiteTeam "Bearsden Grizzlies"]
[Black "Healey, Grant"]
[BlackElo "1778"]
[BlackTeam "Kernow Knights"]
[Result "1-0"]

1. e4 d5 2. exd5 Nf6 3. d4 Bg4 4. Bb5+ Nbd7 5. Be2 Bxe2 6. Qxe2 Nxd5 7. c4 N5f6 8. Nc3 e6 9. Nf3 Be7 10. O-O O-O 11. Re1 Re8 12. Bf4 c6 13. Rad1 Nh5 14. Bc1 Nb6 15. Ne5 g6 16. Bh6 Bg5 17. Bxg5 Qxg5 18. Ne4 Qe7 19. b3 Rad8 20. Qe3 Nd7 21. Nxd7 Rxd7 22. g4 Nf6 23. Nc5 Rdd8 24. Qf4 b6 25. Nd3 Nd7 26. Qf3 Qg5 27. h3 h5 28. Ne5 hxg4 29. Qxf7+ Kh8 30. Nxg6+ Qxg6 31. Qxg6 gxh3 32. Qh6+ Kg8 1-0

[Event "4NCL Online Division 3"]
[Site "online"]
[Date "2022.02.08"]
[EventDate "2022.02.08"]
[Round "2.33"]
[White "Robinson, Neil"]
[WhiteElo "1711"]
[WhiteTeam "Kernow Knights"]
[Black "Watt, David A"]
[BlackElo "1921"]
[BlackTeam "Bearsden Grizzlies"]
[Result "0-1"]

1. d4 Nf6 2. c4 g6 3. Nc3 d5 4. cxd5 Nxd5 5. e4 Nxc3 6. bxc3 c5 7. Bc4 Bg7 8. Ne2 O-O 9. O-O cxd4 10. cxd4 Nc6 11. Be3 Bg4 12. f3 Na5 13. Bd5 Bd7 14. a4 Rc8 15. Rb1 b6 16. h4 e6 17. Ba2 Qxh4 18. Rb5 Bxb5 0-1

[Event "4NCL Online Division 3"]
[Site "online"]
[Date "2022.02.08"]
[EventDate "2022.02.08"]
[Round "2.34"]
[White "Chadha, Sambhav"]
[WhiteElo "1706"]
[WhiteTeam "Bearsden Grizzlies"]
[Black "Macphail, Kieran"]
[BlackElo "1717"]
[BlackTeam "Kernow Knights"]
[Result "1/2-1/2"]

1. e4 c5 2. c3 Nf6 3. e5 Nd5 4. d4 cxd4 5. Nf3 Nc6 6. cxd4 d6 7. Bc4 Nb6 8. Bb3 dxe5 9. d5 Na5 10. Nc3 f6 11. O-O g6 12. Be3 Bf5 13. Nh4 Nxb3 14. Qxb3 Bd3 15. Rfd1 Bc4 16. Qc2 Bg7 17. Qe4 Ba6 18. Rac1 O-O 19. b4 f5 20. Qb1 Bc4 21. Bxb6 axb6 22. b5 e6 23. Nf3 Bxd5 24. Nxd5 exd5 25. Qb3 Kh8 26. Rxd5 Qe7 27. Rcd1 Rad8 28. Rxd8 Rxd8 29. Rxd8+ Qxd8 30. h4 Qc7 31. Qe6 Qc1+ 32. Kh2 h6 33. Qxg6 Qf4+ 34. Qg3 Qxg3+ 35. Kxg3 e4 36. Nd2 Be5+ 37. Kh3 Bd4 38. Kg3 Be5+ 39. Kh3 Bd4 40. Kg3 Be5+ 1/2-1/2

[Event "4NCL Online Division 3"]
[Site "online"]
[Date "2022.02.08"]
[EventDate "2022.02.08"]
[Round "2.41"]
[White "Russell, Chris"]
[WhiteElo "1719"]
[WhiteTeam "Watford 2"]
[Black "Williams, Luke"]
[BlackElo "1658"]
[BlackTeam "Morriston Benko"]
[Result "0-1"]

1. d4 Nf6 2. c4 e6 3. Nc3 Bb4 4. Qc2 O-O 5. Nf3 d5 6. e3 c5 7. Bd2 Nbd7 8. Be2 b6 9. O-O Bxc3 10. Bxc3 Bb7 11. b3 h6 12. Rfd1 Qc7 13. Ne5 Nxe5 14. dxe5 Ne4 15. Bb2 Rad8 16. Bd3 f5 17. Bxe4 fxe4 18. cxd5 Bxd5 19. Rac1 Rf5 20. Qe2 Qf7 21. Rd2 Rf8 22. Rf1 Qg6 23. Kh1 Rg5 24. Rg1 Rg4 25. h3 Qh5 26. Qxg4 Qf7 27. Qe2 Qe7 28. Rgd1 Rf5 29. Qa6 Rg5 30. g3 Rh5 31. Kg2 Qg5 32. Qxa7 Qf5 33. Qxb6 Qxh3+ 34. Kg1 Qh1# 0-1

[Event "4NCL Online Division 3"]
[Site "online"]
[Date "2022.02.08"]
[EventDate "2022.02.08"]
[Round "2.42"]
[White "Salisbury, Philip"]
[WhiteElo "1485"]
[WhiteTeam "Morriston Benko"]
[Black "Littlefair, Paul"]
[BlackElo "1659"]
[BlackTeam "Watford 2"]
[Result "1-0"]

1. d4 Nf6 2. Nc3 d5 3. e4 dxe4 4. f3 exf3 5. Qxf3 e6 6. Bf4 Bd6 7. Be5 Nbd7 8. O-O-O Qe7 9. g4 Nxe5 10. dxe5 Bxe5 11. g5 Nd7 12. Ne4 Rb8 13. h4 b6 14. Qg4 Bb7 15. Bg2 a5 16. Nf3 Bxb2+ 17. Kxb2 Qb4+ 18. Kc1 Qxe4 19. Qg3 Qc4 20. Rxd7 Bxf3 21. Rxc7 Qxa2 22. Re7+ Kxe7 23. Qc7+ Ke8 24. Qxb8+ Ke7 25. Qa7+ Kd6 26. Qxb6+ Ke5 27. Bxf3 Qa3+ 28. Qb2+ Qxb2+ 29. Kxb2 f5 30. Ra1 Rb8+ 31. Kc1 Rb5 32. Be2 Rc5 33. Kd2 h6 34. gxh6 gxh6 35. Kd3 Kf4 36. Ra4+ Kg3 37. h5 e5 38. Ra3 e4+ 39. Kd4+ Kf2 40. Kxc5 Kxe2 41. Kd4 Kd2 42. c4 1-0

[Event "4NCL Online Division 3"]
[Site "online"]
[Date "2022.02.08"]
[EventDate "2022.02.08"]
[Round "2.43"]
[White "Vig, Sanjay"]
[WhiteElo "1640"]
[WhiteTeam "Watford 2"]
[Black "Beeston, Darson"]
[BlackElo "1100"]
[BlackTeam "Morriston Benko"]
[Result "1-0"]

1. e4 e6 2. d4 d5 3. e5 c5 4. c3 Nc6 5. Nf3 Qb6 6. Bd3 Be7 7. Nbd2 cxd4 8. cxd4 Nxd4 9. Nxd4 Qxd4 10. Nf3 Qc5 11. O-O f6 12. Be3 Qc7 13. Rc1 Qb8 14. Bb5+ Bd7 15. Bxd7+ Kxd7 16. Qa4+ Kd8 17. Nd4 Qxe5 18. Bf4 Qe4 19. Rfe1 Rc8 20. Nxe6+ Qxe6 21. Rxe6 Rxc1+ 22. Bxc1 Nh6 23. Qxa7 Kd7 24. Rb6 Rc8 25. Qxb7+ Kd8 26. Qxd5+ Ke8 27. Rc6 Rd8 28. Qb3 Nf5 29. g4 Nd4 30. Qg8+ Bf8 31. Rc7 Nb5 32. Qf7# 1-0

[Event "4NCL Online Division 3"]
[Site "online"]
[Date "2022.02.08"]
[EventDate "2022.02.08"]
[Round "2.44"]
[White "Giannini, John"]
[WhiteElo "850"]
[WhiteTeam "Morriston Benko"]
[Black "Shaw, David K"]
[BlackElo "1624"]
[BlackTeam "Watford 2"]
[Result "0-1"]

1. d4 e6 2. Nf3 f5 3. Bf4 Nf6 4. Nc3 b6 5. Nb5 d6 6. Nc3 Bb7 7. g3 Nbd7 8. Bg2 e5 9. dxe5 dxe5 10. Bc1 Bb4 11. Bd2 Qe7 12. Rg1 O-O-O 13. a3 Bxc3 14. Bxc3 Nc5 15. Qc1 e4 16. Ng5 h6 17. Nh3 Na4 18. Bb4 Nc5 19. Nf4 Qd6 20. Ng6 Rhe8 21. e3 Nd5 22. Nf4 a5 23. Bxc5 Qxc5 24. Nxd5 Rxd5 25. Bh3 Red8 26. Bg2 R5d6 27. Bh3 Qd5 28. Kf1 g6 29. Kg2 Qd2 30. Qxd2 Rxd2 31. Rgf1 Rxc2 32. Rab1 Rdd2 33. Kg1 Ba6 34. Rfe1 Rxf2 35. Bg2 Rxg2+ 36. Kh1 Rxh2+ 37. Kg1 Rhg2+ 38. Kh1 Rxb2 39. Rxb2 Rxb2 40. Rg1 Re2 41. a4 Rxe3 42. Kh2 Re2+ 43. Kh1 Ra2 44. g4 f4 45. Re1 e3 46. g5 hxg5 47. Kg1 e2 48. Kh1 f3 49. Kg1 Rd2 50. Kf2 g4 51. Kg1 Rd1 52. Kf2 Rxe1 53. Kxe1 g3 54. Kd2 f2 55. Ke3 e1=Q+ 56. Kf4 f1=Q+ 57. Kg4 g2 58. Kg5 g1=Q+ 59. Kh6 Qh4+ 60. Kg7 Qgd4+ 61. Kg8 Qhd8+ 62. Kh7 Qh3+ 63. Kxg6 Bd3+ 64. Kf7 Qh7+ 65. Ke6 Bc4# 0-1

[Event "4NCL Online Division 3"]
[Site "online"]
[Date "2022.02.08"]
[EventDate "2022.02.08"]
[Round "2.51"]
[White "Bentley, John L"]
[WhiteElo "2146"]
[WhiteTeam "Ashton"]
[Black "Clenshaw, John"]
[BlackElo "1740"]
[BlackTeam "Harrow 3"]
[Result "1-0"]

1. e3 e5 2. b3 d5 3. Bb2 Bd6 4. Nf3 Qf6 5. c4 dxc4 6. bxc4 Bg4 7. Be2 Qe7 8. Nc3 Nf6 9. d4 exd4 10. Nxd4 Bxe2 11. Qxe2 Be5 12. O-O Bxd4 13. exd4 Qxe2 14. Nxe2 O-O 15. Rfe1 Re8 16. f3 Nbd7 17. Kf2 c6 18. Rab1 Nb6 19. Rec1 Nfd7 20. Ba3 Rab8 21. Bd6 Rbd8 22. c5 Nf6 23. Bc7 Rxe2+ 24. Kxe2 Re8+ 25. Kf2 Nbd5 26. Rxb7 g5 27. Be5 1-0

[Event "4NCL Online Division 3"]
[Site "online"]
[Date "2022.02.08"]
[EventDate "2022.02.08"]
[Round "2.52"]
[White "Laddhad, Akshay"]
[WhiteElo "1792"]
[WhiteTeam "Harrow 3"]
[Black "Khan, Mohammed"]
[BlackElo "1800"]
[BlackTeam "Ashton"]
[Result "0-1"]

1. d4 Nf6 2. Bf4 e6 3. e3 d5 4. c4 c5 5. dxc5 Bxc5 6. Nd2 Nc6 7. Rc1 d4 8. e4 e5 9. Bg3 Qa5 10. a3 Nxe4 11. b4 Nxb4 12. axb4 Bxb4 13. Nf3 Bg4 14. Rc2 Nxd2 15. Rxd2 Bxd2+ 16. Qxd2 Qa1+ 17. Qd1 Qxd1+ 18. Kxd1 e4 19. h3 Bh5 20. Be2 exf3 21. gxf3 0-1

[Event "4NCL Online Division 3"]
[Site "online"]
[Date "2022.02.08"]
[EventDate "2022.02.08"]
[Round "2.53"]
[White "McBeath, Joel"]
[WhiteElo "1718"]
[WhiteTeam "Ashton"]
[Black "Dhemrait, Surjit S"]
[BlackElo "1638"]
[BlackTeam "Harrow 3"]
[Result "1-0"]

1. e4 e5 2. Nf3 Nc6 3. Bb5 d6 4. O-O Bd7 5. c3 Be7 6. Re1 Nf6 7. d4 O-O 8. d5 Nb8 9. Bxd7 Nbxd7 10. c4 c6 11. Nc3 cxd5 12. Nxd5 Nxd5 13. Qxd5 Qc7 14. b3 Nf6 15. Qd3 b6 16. Nh4 Rfd8 17. Nf5 Bf8 18. Bg5 Be7 19. Bxf6 Bxf6 20. Ne3 Rd7 21. Nd5 Qd8 22. Re3 g6 23. Rd1 Bg7 24. Qe2 Rb8 25. Red3 Rbb7 26. Qd2 Bf8 27. Rf3 Bg7 28. Rd3 Bf8 29. Nb4 Qh4 30. f3 Bh6 31. Qe2 Bf8 32. Nc6 Qf6 33. Rd5 Rbc7 34. Nxe5 Re7 35. Ng4 Qf4 36. g3 1-0

[Event "4NCL Online Division 3"]
[Site "online"]
[Date "2022.02.08"]
[EventDate "2022.02.08"]
[Round "2.54"]
[White "Walker, David J R"]
[WhiteElo "1223"]
[WhiteTeam "Harrow 3"]
[Black "De Silva, Sithun"]
[BlackElo "1072"]
[BlackTeam "Ashton"]
[Result "0-1"]

1. d4 Nf6 2. c4 g6 3. Nc3 Bg7 4. Nf3 d6 5. h3 Nbd7 6. e3 c5 7. Be2 a6 8. O-O O-O 9. a4 b6 10. e4 cxd4 11. Nxd4 Bb7 12. Bd3 Nc5 13. Qe2 Nfxe4 14. Nf3 Nxc3 15. bxc3 Bxc3 16. Ra3 Bg7 17. Bg5 f6 18. Bd2 Nxd3 19. Rxd3 Bxf3 20. Qxf3 Qc7 21. Qe4 Rac8 22. Qe6+ Kh8 23. Rc1 Rce8 24. Re1 Qc8 25. Qd5 Qd7 26. Ra3 e6 27. Qd3 d5 28. Bb4 Rf7 29. a5 bxa5 30. Rxa5 dxc4 31. Qxc4 Bf8 32. Rxa6 Bxb4 33. Qxb4 Rfe7 34. Rd6 Qc7 35. Qf4 Kg7 36. Qd4 e5 37. Qd5 Qb7 38. Qd2 Rc7 39. Rd1 Ree7 40. Qa2 Rcd7 41. R6d2 Rxd2 42. Rxd2 Rd7 43. Rb2 Qa7 44. Qb1 Qa4 45. Rb3 Qd4 46. Rb8 Qd1+ 47. Qxd1 Rxd1+ 48. Kh2 h5 49. h4 f5 50. Rb7+ Kf6 51. Rb6+ Kf7 52. Rb7+ Ke6 53. Rg7 Kf6 54. Rc7 Rd6 55. Rc8 e4 56. Re8 Re6 57. Rf8+ Ke5 58. Rb8 Kf4 59. Rb3 e3 60. g3+ Kf3 61. Kg1 Ke2 62. Rxe3+ Rxe3 63. fxe3 Kxe3 64. Kg2 f4 65. Kf1 fxg3 66. Kg2 Kf4 67. Kh3 g2 68. Kxg2 Kg4 69. Kh2 Kxh4 70. Kg2 Kg4 71. Kh2 h4 72. Kg2 g5 73. Kh2 Kf3 74. Kh3 g4+ 75. Kxh4 g3 76. Kh3 g2 77. Kh2 Kf2 78. Kh3 g1=Q 0-1

[Event "4NCL Online Division 3"]
[Site "online"]
[Date "2022.02.08"]
[EventDate "2022.02.08"]
[Round "2.61"]
[White "Mann, Lev"]
[WhiteElo "1541"]
[WhiteTeam "Kent KJCA Kestrels E"]
[Black "Coathup, Roger H"]
[BlackElo "2190"]
[BlackTeam "Morpeth"]
[Result "0-1"]

1. e4 c5 2. Nf3 e6 3. d4 cxd4 4. Nxd4 a6 5. c4 Nf6 6. Nc3 Qc7 7. Bd3 Nc6 8. Nf3 b6 9. O-O Bb7 10. Qb3 Na5 11. Qa4 Rc8 12. Be3 Ng4 13. Nd1 Nxc4 14. Bxc4 Qxc4 15. Qxc4 Rxc4 16. Bxb6 Bxe4 17. Nd2 Rb4 18. Nxe4 Rxb6 19. Rc1 d5 20. Nc5 Bxc5 21. Rxc5 Kd7 22. b3 Rc8 23. Rc3 Rxc3 24. Nxc3 Rc6 25. Na4 Kd6 26. Rd1 Rc2 27. f3 Ne3 28. Re1 Nxg2 29. a3 Nxe1 0-1

[Event "4NCL Online Division 3"]
[Site "online"]
[Date "2022.02.08"]
[EventDate "2022.02.08"]
[Round "2.62"]
[White "Smyth, C Mike"]
[WhiteElo "2027"]
[WhiteTeam "Morpeth"]
[Black "Heard, Tom"]
[BlackElo "1569"]
[BlackTeam "Kent KJCA Kestrels E"]
[Result "1-0"]

1. Nf3 d5 2. g3 c5 3. c4 Nf6 4. cxd5 Nxd5 5. Nc3 Nc6 6. Bg2 Nf6 7. O-O e5 8. d3 Bd6 9. b3 a6 10. Bb2 Qe7 11. Ng5 O-O 12. Nge4 Nxe4 13. Nd5 Qd8 14. dxe4 Be7 15. e3 Be6 16. f4 f6 17. Qc2 b5 18. Rad1 Bd6 19. Rd2 Ra7 20. Rdf2 a5 21. Rd1 Rff7 22. Bf1 Rfb7 23. Nc3 b4 24. Nb5 Rd7 25. Nxa7 Rxa7 26. Rfd2 Rd7 27. f5 Bf7 28. Bb5 Qc7 29. Qd3 Rd8 30. Bc4 Be7 31. Bxf7+ Kxf7 32. Qc4+ Kf8 33. Rd5 Ra8 34. Rd7 Qb6 35. g4 h6 36. Qe6 a4 37. Rxe7 Nxe7 38. Qxb6 axb3 39. Rd8+ Rxd8 40. Qxd8+ Kf7 41. axb3 g5 42. Qc7 c4 43. Qxc4+ Kg7 44. Qxb4 h5 45. Qxe7+ Kh6 46. Qxf6+ Kh7 47. Bxe5 hxg4 48. Qg7# 1-0

[Event "4NCL Online Division 3"]
[Site "online"]
[Date "2022.02.08"]
[EventDate "2022.02.08"]
[Round "2.63"]
[White "Wang, Luoke"]
[WhiteElo "1497"]
[WhiteTeam "Kent KJCA Kestrels E"]
[Black "Symonds, Richard H"]
[BlackElo "1990"]
[BlackTeam "Morpeth"]
[Result "1/2-1/2"]

1. d4 d6 2. c4 e5 3. dxe5 dxe5 4. Qxd8+ Kxd8 5. Nc3 c6 6. Nf3 f6 7. e4 Be6 8. Be3 Nd7 9. O-O-O Kc7 10. h3 Nh6 11. Bxh6 gxh6 12. g4 Bc5 13. Rd2 Nb6 14. b3 Rad8 15. Bd3 Rhg8 16. Nh4 h5 17. gxh5 Rg5 18. Be2 Bxf2 19. Rxd8 Kxd8 20. Nf3 Be3+ 21. Kc2 Rg3 22. Rd1+ Ke7 23. Rd3 Bf4 24. Nh4 Rxh3 25. Rxh3 Bxh3 26. Nf5+ Bxf5 27. exf5 Nd7 28. Ne4 h6 29. Kd3 b6 30. Kc3 Be3 31. Kd3 Bd4 32. Bf3 c5 33. Nd2 Nf8 34. Ne4 Nh7 35. Bg4 Kd7 36. Bh3 Ke7 37. Bg4 Kd7 38. Bh3 Ke7 39. Bg4 1/2-1/2

[Event "4NCL Online Division 3"]
[Site "online"]
[Date "2022.02.08"]
[EventDate "2022.02.08"]
[Round "2.64"]
[White "Turner, James"]
[WhiteElo "1953"]
[WhiteTeam "Morpeth"]
[Black "Trifunovic, Maja A"]
[BlackElo "1128"]
[BlackTeam "Kent KJCA Kestrels E"]
[Result "1-0"]

1. d4 Nf6 2. Nc3 g6 3. Bf4 Bg7 4. e4 d6 5. Qd2 O-O 6. O-O-O Nc6 7. f3 Nd7 8. Bh6 e5 9. Bxg7 Kxg7 10. dxe5 dxe5 11. h4 Nd4 12. h5 Qf6 13. Nd5 Qd6 14. hxg6 Qxg6 15. Ne2 Nxe2+ 16. Bxe2 Nf6 17. Ne7 Nxe4 18. fxe4 Qf6 19. Rdf1 Qxf1+ 20. Bxf1 Kf6 21. Nd5+ Ke6 22. Nxc7+ Ke7 23. Qb4+ Kd7 24. Bb5+ Kxc7 25. Qc5+ Kb8 26. Qd6# 1-0

[Event "4NCL Online Division 3"]
[Site "online"]
[Date "2022.02.08"]
[EventDate "2022.02.08"]
[Round "2.71"]
[White "Herrera, Diego"]
[WhiteElo "1832"]
[WhiteTeam "Stretford and Urmston"]
[Black "Webb, Nick"]
[BlackElo "1730"]
[BlackTeam "Hackney Hungry"]
[Result "1-0"]

1. e4 c6 2. d4 d5 3. exd5 cxd5 4. c4 Nc6 5. c5 e5 6. Be3 Nf6 7. dxe5 Nxe5 8. Bb5+ Bd7 9. Bxd7+ Qxd7 10. Ne2 Rc8 11. b4 Be7 12. O-O O-O 13. Nbc3 Rfd8 14. a3 Nfg4 15. Bd4 Qc7 16. Ng3 Bf6 17. Re1 b6 18. Nb5 Qd7 19. Nd6 bxc5 20. bxc5 Rc6 21. h3 Rxd6 22. cxd6 Nc6 23. Qxg4 Qxg4 24. hxg4 Bxd4 25. Rac1 Ne5 26. Nf5 Bb6 27. Rxe5 1-0

[Event "4NCL Online Division 3"]
[Site "online"]
[Date "2022.02.08"]
[EventDate "2022.02.08"]
[Round "2.81"]
[White "Oates, Thomas"]
[WhiteElo "1670"]
[WhiteTeam "Cornish Pirates"]
[Black "Buswell, A Mark"]
[BlackElo "1781"]
[BlackTeam "Hertford 2"]
[Result "0-1"]

1. d4 Nf6 2. c4 e6 3. Nf3 d5 4. Bg5 Be7 5. Nc3 O-O 6. cxd5 exd5 7. e3 Nbd7 8. Bd3 h6 9. Bh4 b6 10. Qc2 Bb7 11. O-O Re8 12. Bxf6 Nxf6 13. e4 dxe4 14. Nxe4 Nxe4 15. Bxe4 Bxe4 16. Qxe4 Bf6 17. Qd3 Qd5 18. Qb3 Qxb3 19. axb3 a5 20. Rac1 Rac8 21. Rc2 Red8 22. Rd1 Rd5 23. h3 Kf8 24. Rc4 Ke8 25. Re1+ Kf8 26. Ne5 c5 27. f4 Bxe5 28. dxe5 Rd2 29. Rc3 Rcd8 30. e6 fxe6 31. Rxe6 R8d6 32. Rce3 Rxe6 33. Rxe6 Rxb2 34. Rxb6 c4 0-1